| 000 | 00858nam a2200217 i 4500 | ||
|---|---|---|---|
| 001 | 17695 | ||
| 003 | ES-MaACL | ||
| 005 | 20240116184748.0 | ||
| 007 | t| | ||
| 008 | 010504s1996 sp ||||1| spa d | ||
| 080 | _a929 Jovellanos, Gaspar Melchor de | ||
| 100 | 1 |
_aPalacios, José María. _988405 |
|
| 245 | 1 | 3 |
_aLa vida de Jovellanos al alcance de los muchachos / _ccompuesta por el profesor gijonés Don José María Palacios. |
| 260 |
_aGijón : _bAteneo Jovellanos, _c1996. |
||
| 300 |
_a35 p. ; _c21 cm. |
||
| 534 |
_pReproducción facsimil de la ed. de: _c-- Gijón : Establecimiento Tipográfico Palacio, González y Compañía, 1917. |
||
| 600 | 1 | 4 |
_aJovellanos, Gaspar Melchor de, _d1744-1811- _xBiografías _967053 |
| 710 | 2 |
_aAteneo Jovellanos (Gijón) _92045 |
|
| 852 |
_aES-MaACL _j2163-F-24 _bR.125531 |
||
| 999 |
_c17695 _d17695 |
||